000 00776cam a22002531 4500
001 sa 68004980
003 DLC
005 20260227112505.0
008 900207m19629999ii 000 0 arar
010 _asa 68004980
035 _a(OCoLC)21015700
040 _aDLC
_cWaU
_dDLC
042 _apremarc
043 _aa-ii---
050 0 0 _aCT1503
_b.A72
100 1 _aʻAbdulḥaʼī ibn Fak̲h̲ruddīn al-Hasanī,
_d1869-1923.
245 1 0 _aNuzhat al-khawāṭir.
250 _aal-Ṭabʻah 2.
260 _c1962-
300 _av.
_c25 cm.
500 _aAdded t. p.: Nuzhatuʼl-khawātir, biographies of scholars and eminent persons of India, by ʻAbduʼl-Ḥayy b. Fakhruʼd-Dīn al-Ḥasanī.
651 0 _aIndia
_vBiography.
650 0 _aMuslims
_zIndia
_vBiography.
999 _c80474
_d80474